000
00328nam a22001337a 4500
008
250326b |||||||| |||| 00| 0 eng d
020
_a
0710090870
050
_a
PN 1042
_b
.B68
100
_a
Boulton Marjorie
245
_a
The Anatomy of Poetry
260
_a
Boston
_b
Routledge & Kegan Paul
_c
1979
300
_a
253p.
942
_c
BK
999
_c
2723
_d
2723